[Event "Nuremberg-ch op 05th"]
[Site "Nuremberg"]
[Date "2005.05.08"]
[Round "5"]
[White "Hofer, Markus"]
[Black "Horstmann, Uwe"]
[Result "1/2-1/2"]
[WhiteElo "1645"]
[BlackElo "1837"]
[PlyCount "123"]
[EventDate "2005.05.06"]
[EventType "swiss"]
[EventRounds "5"]
[EventCountry "GER"]
[SourceTitle "EXT 2007"]
[Source "ChessBase"]
[SourceDate "2006.11.23"]
[SourceVersion "1"]
[SourceVersionDate "2006.11.23"]
[SourceQuality "1"]

1. d4 d5 2. c4 Nc6 3. Nf3 Bg4 4. e3 e5 5. dxe5 d4 6. Be2 Bb4+ 7. Kf1 d3 8. Qxd3 Qxd3 9. Bxd3 Bxf3 10. gxf3 Nxe5 11. Be2 0-0-0 12. b3 Ne7 13. Bb2 f6 14. a3 Bd6 15. Nc3 Kb8 16. f4 N5g6 17. Ne4 c6 18. h4 h5 19. Ng3 Bc5 20. Bc3 Nc8 21. b4 Bb6 22. Bxh5 Rd3 23. Rc1 Nge7 24. Be2 Rdd8 25. Kg2 c5 26. Ne4 cxb4 27. axb4 Nf5 28. h5 Rhe8 29. Bf3 Rh8 30. c5 Bc7 31. Ng3 Nce7 32. Nxf5 Nxf5 33. Bg4 Nh6 34. Be2 Rde8 35. Bd3 Re6 36. Bg6 b6 37. Bd4 Rd8 38. cxb6 Bxb6 39. Bxb6 Rxb6 40. Rc4 Rd2 41. Kf3 f5 42. Rc5 Rxb4 43. Bxf5 Rbb2 44. Rh2 Kb7 45. Be4+ Kb6 46. Rc6+ Kb5 47. Rc7 a5 48. Rxg7 a4 49. Rb7+ Kc4 50. Rxb2 Rxb2 51. Rh1 Rb5 52. Ra1 Ra5 53. f5 a3 54. f6 a2 55. Bb1 axb1Q 56. Rxb1 Rxh5 57. Rb6 Kc5 58. Ra6 Kb5 59. Re6 Rf5+ 60. Ke4 Rxf2 61. Kd4 Ng4 62. e4 1/2-1/2

[Event "Mittelfranken-chT 0405"]
[Site "Germany"]
[Date "2005.02.27"]
[Round "6.6"]
[White "Horstmann, Uwe"]
[Black "Billmann, Andreas"]
[Result "1-0"]
[WhiteElo "1801"]
[BlackElo "1856"]
[PlyCount "53"]
[EventDate "2004.10.17"]
[EventType "team"]
[EventRounds "9"]
[EventCountry "GER"]
[SourceTitle "EXT 2007"]
[Source "ChessBase"]
[SourceDate "2006.11.23"]
[SourceVersion "1"]
[SourceVersionDate "2006.11.23"]
[SourceQuality "1"]

1. e4 d6 2. d4 g6 3. Nc3 c6 4. Bc4 b5 5. Nxb5 cxb5 6. Bd5 Qb6 7. Bxa8 Bb7 8. Bxb7 Qxb7 9. Qf3 Bg7 10. e5 d5 11. Ne2 e6 12. Bg5 Nd7 13. 0-0 h6 14. Bd2 Ne7 15. Qh3 Nb6 16. b3 Nc6 17. c3 Qe7 18. Rac1 h5 19. Qf3 Qd7 20. Bg5 0-0 21. Bf6 Bh6 22. Rcd1 Ne7 23. g4 hxg4 24. Qxg4 Nf5 25. Ng3 Bg7 26. Nxf5 exf5 27. Qh4 1-0

[Event "Mittelfranken Mitte-ch 0405"]
[Site "Zirndorf"]
[Date "2005.??.??"]
[Round "4"]
[White "Bildt, Thomas"]
[Black "Horstmann, Uwe"]
[Result "1-0"]
[WhiteElo "2026"]
[BlackElo "1801"]
[PlyCount "83"]
[EventDate "2005.01.02"]
[EventType "swiss"]
[EventRounds "7"]
[EventCountry "GER"]
[SourceTitle "EXT 2015"]
[Source "ChessBase"]
[SourceDate "2014.11.20"]
[SourceVersion "1"]
[SourceVersionDate "2014.11.20"]
[SourceQuality "1"]

1. e4 c5 2. Bc4 e6 3. Nc3 Nc6 4. f4 g6 5. Nf3 Bg7 6. d3 Nge7 7. 0-0 0-0 8. e5 a6 9. Ne4 d5 10. exd6 Nf5 11. c3 b5 12. Bb3 Qb6 13. Bc2 Rd8 14. Qe2 c4+ 15. d4 Nxd6 16. Be3 Nxe4 17. Bxe4 Qc7 18. Ne5 Bb7 19. Qf3 Nxe5 20. fxe5 Bxe4 21. Qxe4 b4 22. cxb4 a5 23. bxa5 Rxa5 24. Bd2 Rxe5 25. dxe5 Rxd2 26. Rac1 Bxe5 27. Rxc4 Qb6+ 28. Kh1 Qxb2 29. Rb1 Kg7 30. Rcc1 Qd4 31. Qxd4 Bxd4 32. Rd1 Rxd1+ 33. Rxd1 e5 34. a4 Kf6 35. a5 Be3 36. a6 Ke6 37. Rd3 Bf2 38. Rd2 Be3 39. Rb2 Kd5 40. Rb7 f5 41. a7 Bxa7 42. Rxa7 1-0

[Event "Mittelfranken Mitte-ch 0405"]
[Site "Zirndorf"]
[Date "2005.??.??"]
[Round "3"]
[White "Horstmann, Uwe"]
[Black "Klein, Markus1111"]
[Result "1-0"]
[WhiteElo "1801"]
[BlackElo "1589"]
[PlyCount "91"]
[EventDate "2005.01.02"]
[EventType "swiss"]
[EventRounds "7"]
[EventCountry "GER"]
[SourceTitle "EXT 2015"]
[Source "ChessBase"]
[SourceDate "2014.11.20"]
[SourceVersion "1"]
[SourceVersionDate "2014.11.20"]
[SourceQuality "1"]

1. e4 c5 2. Nc3 Nc6 3. g3 g6 4. Bg2 Bg7 5. d3 e6 6. Be3 d6 7. Qd2 Nge7 8. Bh6 0-0 9. h4 Bxh6 10. Qxh6 f5 11. h5 Qe8 12. Nf3 Qf7 13. hxg6 Qxg6 14. Ng5 Rf6 15. Qh4 h6 16. f4 Bd7 17. 0-0-0 Kg7 18. Nf3 a6 19. Qh2 Rb8 20. Nh4 Qh7 21. Bf3 Nd4 22. Bh5 Be8 23. g4 Bxh5 24. gxh5 Kh8 25. Rhg1 Rg8 26. Ne2 Nxe2+ 27. Qxe2 fxe4 28. Rxg8+ Qxg8 29. Qxe4 Qg4 30. Qxb7 Qxf4+ 31. Kb1 Rf7 32. Qb8+ Kh7 33. Ng6 Nxg6 34. hxg6+ Kxg6 35. Rg1+ Kf6 36. a3 h5 37. Qd8+ Ke5 38. Rh1 Qg4 39. Qh8+ Qg7 40. Rxh5+ Kf6 41. Qd8+ Re7 42. Qxd6 Qg1+ 43. Ka2 Qd4 44. Qxc5 Qg4 45. Rh1 Rb7 46. Rf1+ 1-0

[Event "Mittelfranken Mitte-ch 0405"]
[Site "Zirndorf"]
[Date "2005.??.??"]
[Round "6"]
[White "Narr, Irmgard"]
[Black "Horstmann, Uwe"]
[Result "0-1"]
[WhiteElo "1423"]
[BlackElo "1801"]
[PlyCount "36"]
[EventDate "2005.01.02"]
[EventType "swiss"]
[EventRounds "7"]
[EventCountry "GER"]
[SourceTitle "EXT 2015"]
[Source "ChessBase"]
[SourceDate "2014.11.20"]
[SourceVersion "1"]
[SourceVersionDate "2014.11.20"]
[SourceQuality "1"]

1. e4 e6 2. Nf3 d5 3. e5 c5 4. Bb5+ Bd7 5. Bxd7+ Nxd7 6. Nc3 Ne7 7. d3 Ng6 8. Qe2 Qc7 9. Nb5 Qa5+ 10. Nc3 d4 11. Bd2 dxc3 12. Bxc3 Qc7 13. 0-0 Be7 14. Rfe1 0-0 15. Qe4 Nb6 16. Ba5 Qc6 17. Qg4 Qa4 18. Bxb6 Qxg4 0-1

[Event "Mittelfranken Mitte-ch 0405"]
[Site "Zirndorf"]
[Date "2005.??.??"]
[Round "2"]
[White "Wagner, Hans1111"]
[Black "Horstmann, Uwe"]
[Result "1-0"]
[WhiteElo "2130"]
[BlackElo "1801"]
[PlyCount "97"]
[EventDate "2005.01.02"]
[EventType "swiss"]
[EventRounds "7"]
[EventCountry "GER"]
[SourceTitle "EXT 2015"]
[Source "ChessBase"]
[SourceDate "2014.11.20"]
[SourceVersion "1"]
[SourceVersionDate "2014.11.20"]
[SourceQuality "1"]

1. d4 d5 2. Bg5 Nf6 3. Nd2 c5 4. dxc5 e5 5. Nb3 Be7 6. e3 0-0 7. Nf3 Bg4 8. Bxf6 Bxf6 9. Qd2 a5 10. a4 Nc6 11. 0-0-0 Be6 12. Kb1 Nb4 13. Bb5 Qc7 14. Rc1 Rfd8 15. h4 b6 16. cxb6 Qxb6 17. Ng5 Bf5 18. g4 Bxg4 19. c3 Bf5+ 20. Ka1 Na6 21. e4 dxe4 22. Qe3 Qxe3 23. fxe3 h6 24. Rcf1 g6 25. Bxa6 Rxa6 26. Nc5 Rc6 27. Ngxe4 Be7 28. b4 axb4 29. cxb4 Bxc5 30. Nxc5 Rb8 31. Rb1 Bxb1 32. Rxb1 Ra8 33. Kb2 Rxc5 34. bxc5 Rxa4 35. Kb3 Ra8 36. Kc4 Kg7 37. Kd5 Ra3 38. Rc1 Kf6 39. c6 Rd3+ 40. Ke4 Rd8 41. c7 Rc8 42. Kd5 g5 43. hxg5+ hxg5 44. e4 g4 45. Rf1+ Ke7 46. Kc6 Rf8 47. Kb7 Kd7 48. Rd1+ Ke6 49. Rd8 1-0

[Event "Mittelfranken-chT 0405"]
[Site "Germany"]
[Date "2004.10.17"]
[Round "1.6"]
[White "Horstmann, Uwe"]
[Black "Kollitz, Carsten"]
[Result "1-0"]
[WhiteElo "1834"]
[BlackElo "1639"]
[PlyCount "123"]
[EventDate "2004.10.17"]
[EventType "team"]
[EventRounds "9"]
[EventCountry "GER"]
[SourceTitle "EXT 2007"]
[Source "ChessBase"]
[SourceDate "2006.11.23"]
[SourceVersion "1"]
[SourceVersionDate "2006.11.23"]
[SourceQuality "1"]

1. e4 e5 2. f4 exf4 3. Nf3 Be7 4. Bc4 Bh4+ 5. Kf1 d6 6. d4 Bg4 7. Bxf4 Ne7 8. Qd3 Ng6 9. g3 Nxf4 10. gxf4 Qf6 11. Nxh4 Qxh4 12. Qg3 Qxg3 13. hxg3 Nd7 14. Nc3 Be6 15. Bd3 Nf6 16. Nb5 Kd8 17. Kf2 h6 18. c4 Re8 19. e5 dxe5 20. dxe5 Ng4+ 21. Kf3 a6 22. Nc3 f6 23. Rad1 Kc8 24. Bg6 Rf8 25. Bh5 f5 26. Nd5 b6 27. b3 Kb7 28. Ne3 Nxe3 29. Kxe3 Rad8 30. Bf3+ Kc8 31. Bd5 Bxd5 32. cxd5 Rd7 33. e6 Rd6 34. Kd4 Re8 35. Ke5 Kd8 36. Kxf5 Ke7 37. Ke5 Red8 38. f5 c6 39. Ke4 cxd5+ 40. Ke5 d4 41. Rc1 Rd5+ 42. Ke4 Kf6 43. g4 d3 44. Rc7 d2 45. Rf7+ Kg5 46. Rxg7+ Kf6 47. Rf7+ Kg5 48. Rd1 Rd4+ 49. Ke3 Rd3+ 50. Ke2 Rh3 51. Rd7 Rh2+ 52. Kd3 Rh3+ 53. Kd4 Re8 54. Rxd2 Rg3 55. Rg7+ Kf6 56. Rg6+ Ke7 57. Ke4 Rf8 58. Rd7+ Ke8 59. Rgg7 Rh8 60. Ra7 Kf8 61. Rgf7+ Kg8 62. Ra8# 1-0

[Event "Seebach op 15th"]
[Site "Grossenseebach"]
[Date "2004.06.17"]
[Round "7"]
[White "Ross, Thomas"]
[Black "Horstmann, Uwe"]
[Result "1-0"]
[WhiteElo "1934"]
[BlackElo "1995"]
[PlyCount "89"]
[EventDate "2004.06.17"]
[EventType "swiss"]
[EventRounds "7"]
[EventCountry "GER"]
[SourceTitle "EXT 2018"]
[Source "ChessBase"]
[SourceDate "2017.10.13"]
[SourceVersion "1"]
[SourceVersionDate "2017.10.13"]
[SourceQuality "1"]

1. e4 c5 2. Nc3 Nc6 3. g3 g6 4. Bg2 Bg7 5. d3 e6 6. f4 Nge7 7. Nf3 0-0 8. 0-0 d6 9. Be3 Nd4 10. e5 Nec6 11. exd6 Nb4 12. Ne1 Qxd6 13. Ne4 Qc7 14. c3 Nd5 15. Bf2 Nf5 16. Qe2 b6 17. Nc2 Bb7 18. Rad1 Nf6 19. Nxf6+ Bxf6 20. Bxb7 Qxb7 21. d4 Rfe8 22. g4 Ne7 23. a4 Nd5 24. Qe4 c4 25. Bg3 Qd7 26. Ra1 Bg7 27. Qe2 Rac8 28. Na3 Qxa4 29. h4 f6 30. h5 Kf7 31. Qe4 Qd7 32. g5 Ne7 33. gxf6 Bxf6 34. Nc2 Nf5 35. hxg6+ hxg6 36. Bf2 a5 37. Ne3 Rg8 38. Ng4 Ke7 39. Ne5 Bxe5 40. dxe5 g5 41. Rfd1 Qc6 42. Qxc6 Rxc6 43. fxg5 Rxg5+ 44. Kf1 Ng7 45. Bh4 1-0

[Event "Seebach op 15th"]
[Site "Grossenseebach"]
[Date "2004.06.17"]
[Round "4"]
[White "Wurdig, Georg"]
[Black "Horstmann, Uwe"]
[Result "0-1"]
[WhiteElo "1625"]
[BlackElo "1995"]
[PlyCount "80"]
[EventDate "2004.06.17"]
[EventType "swiss"]
[EventRounds "7"]
[EventCountry "GER"]
[SourceTitle "EXT 2018"]
[Source "ChessBase"]
[SourceDate "2017.10.13"]
[SourceVersion "1"]
[SourceVersionDate "2017.10.13"]
[SourceQuality "1"]

1. d4 d5 2. Nf3 Nc6 3. a3 Bg4 4. Nbd2 Nf6 5. e3 e5 6. dxe5 Nxe5 7. Be2 Ng6 8. b3 Be7 9. Bb2 0-0 10. 0-0 Re8 11. Rc1 Bd6 12. c4 c6 13. Re1 Qe7 14. cxd5 cxd5 15. b4 Rad8 16. Nd4 Bd7 17. Nf1 Ne4 18. Ng3 Nh4 19. Bb5 Nf6 20. Bxd7 Qxd7 21. Nf3 Nxf3+ 22. Qxf3 Be5 23. Bxe5 Rxe5 24. Red1 Rc8 25. Rxc8+ Qxc8 26. Qe2 Re7 27. Qb2 Rc7 28. Nf1 h6 29. Nd2 Rc2 30. Qd4 b6 31. e4 Rc1 32. Rf1 dxe4 33. Nxe4 Rxf1+ 34. Kxf1 Qa6+ 35. Ke1 Nxe4 36. Qxe4 Qxa3 37. Qd4 Qc1+ 38. Qd1 Qxd1+ 39. Kxd1 Kf8 40. b5 Ke7 0-1

[Event "Mittelfranken Mitte-ch 0304"]
[Site "Zirndorf"]
[Date "2004.??.??"]
[Round "2"]
[White "Horstmann, Uwe"]
[Black "Erlbeck, Peter"]
[Result "0-1"]
[WhiteElo "1773"]
[BlackElo "2033"]
[PlyCount "80"]
[EventDate "2004.01.02"]
[EventType "swiss"]
[EventRounds "7"]
[EventCountry "GER"]
[SourceTitle "EXT 2015"]
[Source "ChessBase"]
[SourceDate "2014.11.20"]
[SourceVersion "1"]
[SourceVersionDate "2014.11.20"]
[SourceQuality "1"]

1. e4 c5 2. d3 Nc6 3. g3 g6 4. Bg2 Bg7 5. f4 e6 6. Nd2 Nge7 7. Ngf3 0-0 8. 0-0 d5 9. Qe2 b5 10. g4 f5 11. gxf5 exf5 12. e5 Rb8 13. c3 Qb6 14. Kh1 Ba6 15. Nb3 d4 16. Ng5 Bc8 17. h4 h6 18. Nf3 Be6 19. Rg1 Rfd8 20. Bd2 a5 21. cxd4 c4 22. dxc4 bxc4 23. d5 Bxd5 24. Be3 Qb5 25. Nfd4 Nxd4 26. Nxd4 Qxb2 27. Bxd5+ Nxd5 28. Qxc4 Rbc8 29. Nc6 Rxc6 30. Qxc6 Nxe3 31. Qe6+ Kh8 32. Qe7 Qd2 33. Rxg6 Qd5+ 34. Kg1 Rg8 35. Qa7 Bxe5 36. Rxg8+ Qxg8+ 37. Kh2 Bxa1 38. Qxe3 Qxa2+ 39. Kg3 Qg8+ 40. Kh3 Bf6 0-1

[Event "Mittelfranken Mitte-ch 0304"]
[Site "Zirndorf"]
[Date "2004.??.??"]
[Round "3"]
[White "Muenzenberg, Dietrich"]
[Black "Horstmann, Uwe"]
[Result "1/2-1/2"]
[WhiteElo "1686"]
[BlackElo "1773"]
[PlyCount "42"]
[EventDate "2004.01.02"]
[EventType "swiss"]
[EventRounds "7"]
[EventCountry "GER"]
[SourceTitle "EXT 2015"]
[Source "ChessBase"]
[SourceDate "2014.11.20"]
[SourceVersion "1"]
[SourceVersionDate "2014.11.20"]
[SourceQuality "1"]

1. d4 d5 2. Bg5 g6 3. Nd2 Bg7 4. e3 Nd7 5. Bb5 c6 6. Bd3 Ngf6 7. Ne2 0-0 8. f4 c5 9. c3 h6 10. Bh4 Ng4 11. Nf1 f5 12. h3 Ngf6 13. Nd2 Rb8 14. 0-0 b5 15. Nf3 Qb6 16. Kh2 a5 17. Ne5 Kh7 18. g4 fxg4 19. Bxg6+ Kh8 20. dxc5 Qxc5 21. Qd4 Qc7 1/2-1/2

[Event "Pyramiden Franken Cup 5th"]
[Site "Fuerth"]
[Date "2002.09.02"]
[Round "3"]
[White "Horstmann, Uwe"]
[Black "Wagenfeld, Wladymyr"]
[Result "0-1"]
[WhiteElo "1844"]
[BlackElo "1689"]
[PlyCount "72"]
[EventDate "2002.08.31"]
[EventType "swiss"]
[EventRounds "9"]
[EventCountry "GER"]
[SourceTitle "CBM 090 Extra"]
[Source "ChessBase"]
[SourceDate "2002.11.07"]
[SourceVersion "1"]
[SourceVersionDate "2002.11.07"]
[SourceQuality "1"]

1. c4 Nf6 2. Nc3 e5 3. g3 d5 4. cxd5 Nxd5 5. Bg2 Nxc3 6. bxc3 c6 7. Qc2 Bd6 8. Nf3 0-0 9. 0-0 Qe7 10. e4 Be6 11. Re1 Na6 12. d4 f6 13. Be3 Bf7 14. Nh4 g6 15. a4 Nc7 16. Rab1 b6 17. Qd2 Ne6 18. Red1 Rfd8 19. Qe2 Rab8 20. Rd2 Rb7 21. h3 Rbd7 22. d5 cxd5 23. exd5 Nc5 24. Bxc5 Bxc5 25. c4 Qd6 26. Nf3 Re7 27. Rdd1 Be8 28. Qc2 Bd7 29. Nh4 Kg7 30. Ra1 e4 31. Bxe4 Qxg3+ 32. Ng2 f5 33. Rd3 Qe5 34. Rad1 fxe4 35. Rb3 Rf7 36. Ne3 Bxh3 0-1

[Event "Nuremberg-ch op 02nd"]
[Site "Nuremberg"]
[Date "2002.06.22"]
[Round "3"]
[White "Horstmann, Uwe"]
[Black "Kauppert, Joachim"]
[Result "1-0"]
[WhiteElo "1868"]
[BlackElo "1567"]
[PlyCount "87"]
[EventDate "2002.06.21"]
[EventType "swiss"]
[EventRounds "5"]
[EventCountry "GER"]
[SourceTitle "EXT 2006"]
[Source "ChessBase"]
[SourceDate "2005.11.24"]
[SourceVersion "1"]
[SourceVersionDate "2005.11.24"]
[SourceQuality "1"]

1. e4 c5 2. f4 Nc6 3. Nf3 d6 4. Bc4 e6 5. 0-0 Be7 6. a3 Nf6 7. Ba2 0-0 8. Nc3 a6 9. d3 b5 10. Bd2 Bb7 11. Ne2 a5 12. Ng3 b4 13. f5 Bc8 14. fxe6 Bxe6 15. Bb1 Qb6 16. axb4 axb4 17. Rxa8 Rxa8 18. h3 Ra1 19. Qe2 Qa6 20. Qf2 Ba2 21. Bxa2 Rxf1+ 22. Qxf1 Qxa2 23. Qc1 Na5 24. Nf5 Bf8 25. b3 g6 26. Ne3 Bg7 27. g4 Nd7 28. Nd5 Qa1 29. Qxa1 Bxa1 30. Bf4 Ne5 31. Nxe5 Bxe5 32. Bxe5 dxe5 33. Nf6+ Kg7 34. Nd7 Nc6 35. Kf2 Nd4 36. Nxe5 Nxc2 37. Nd7 Nd4 38. Nxc5 Kf6 39. Na6 Nxb3 40. Nxb4 Ke5 41. Ke3 Nd4 42. g5 Ne6 43. d4+ Nxd4 44. Nd3+ 1-0

[Event "Mittelfranken-ch QT 51st"]
[Site "Zirndorf"]
[Date "2002.??.??"]
[Round "1"]
[White "Horstmann, Uwe"]
[Black "Keller, Gerhard"]
[Result "1/2-1/2"]
[WhiteElo "1870"]
[BlackElo "1686"]
[PlyCount "45"]
[EventDate "2002.03.27"]
[EventType "swiss"]
[EventRounds "7"]
[EventCountry "GER"]
[SourceTitle "EXT 2015"]
[Source "ChessBase"]
[SourceDate "2014.11.20"]
[SourceVersion "1"]
[SourceVersionDate "2014.11.20"]
[SourceQuality "1"]

1. e4 e6 2. d3 d5 3. Nd2 Nf6 4. g3 Be7 5. Bg2 c5 6. e5 Nfd7 7. Ngf3 Nc6 8. Qe2 Qc7 9. 0-0 Ndxe5 10. c3 Ng6 11. Re1 0-0 12. Nf1 b6 13. h4 Bd6 14. h5 Nge5 15. Nh4 Ba6 16. Rd1 Qe7 17. f4 Nd7 18. Qf2 Rac8 19. Nh2 Nf6 20. Bf3 Qc7 21. Qg2 Kh8 22. Nf1 Ne7 23. Be3 1/2-1/2

[Event "Mittelfranken Mitte-ch 0001"]
[Site "Zirndorf"]
[Date "2001.??.??"]
[Round "4"]
[White "Horstmann, Uwe"]
[Black "Muenzenberg, Dietrich"]
[Result "1-0"]
[WhiteElo "1909"]
[BlackElo "1723"]
[PlyCount "93"]
[EventDate "2001.01.13"]
[EventType "swiss"]
[EventRounds "7"]
[EventCountry "GER"]
[SourceTitle "EXT 2015"]
[Source "ChessBase"]
[SourceDate "2014.11.20"]
[SourceVersion "1"]
[SourceVersionDate "2014.11.20"]
[SourceQuality "1"]

1. e4 e5 2. f4 Nc6 3. Nf3 d6 4. Bb5 Bg4 5. Bxc6+ bxc6 6. fxe5 dxe5 7. 0-0 Bc5+ 8. Kh1 Nf6 9. d3 0-0 10. Bg5 h6 11. Bh4 g5 12. Bg3 Bd6 13. Qc1 Bxf3 14. Rxf3 Nh5 15. Qe1 Qe7 16. Nd2 Qe6 17. Qe2 Qg4 18. Qf2 Kg7 19. Rf1 Nxg3+ 20. Rxg3 Qe6 21. Rf3 f6 22. Nc4 Rf7 23. b3 Qe7 24. Rf5 Bc5 25. Qe2 Raf8 26. a4 Bd4 27. R1f3 Qb4 28. Rg3 Qc3 29. h3 Kg6 30. Rgf3 Qa1+ 31. Rf1 Qc3 32. Rc1 Rb8 33. Nd2 Qb2 34. Rff1 Re8 35. Qg4 Qc3 36. Qf5+ Kg7 37. Nc4 Bc5 38. Qg4 Kg6 39. h4 Qd4 40. Qf5+ Kg7 41. h5 Rg8 42. Qg6+ Kf8 43. Qxh6+ Ke7 44. Rf5 Qd7 45. Rxf6 Qg4 46. Rxf7+ Ke8 47. Qxc6+ 1-0

[Event "Mittelfranken Mitte-ch 0001"]
[Site "Zirndorf"]
[Date "2001.??.??"]
[Round "7"]
[White "Horstmann, Uwe"]
[Black "Thuerauf, Peter"]
[Result "1-0"]
[WhiteElo "1909"]
[BlackElo "1916"]
[PlyCount "31"]
[EventDate "2001.01.13"]
[EventType "swiss"]
[EventRounds "7"]
[EventCountry "GER"]
[SourceTitle "EXT 2015"]
[Source "ChessBase"]
[SourceDate "2014.11.20"]
[SourceVersion "1"]
[SourceVersionDate "2014.11.20"]
[SourceQuality "1"]

1. e4 c5 2. Nc3 e6 3. g3 d5 4. exd5 exd5 5. d4 Nf6 6. Bg2 Bg4 7. Nge2 cxd4 8. Qxd4 Nc6 9. Qa4 Bxe2 10. Nxe2 Qe7 11. c3 Rd8 12. Be3 Ne4 13. 0-0 Nc5 14. Qc2 g6 15. Rfe1 Ne6 16. Rad1 1-0

[Event "Mittelfranken-ch QT 49th"]
[Site "Ansbach"]
[Date "2000.??.??"]
[Round "3"]
[White "Kiefer, Johannes"]
[Black "Horstmann, Uwe"]
[Result "0-1"]
[WhiteElo "1734"]
[BlackElo "1843"]
[PlyCount "90"]
[EventDate "2000.04.19"]
[EventType "swiss"]
[EventRounds "7"]
[EventCountry "GER"]
[SourceTitle "EXT 2015"]
[Source "ChessBase"]
[SourceDate "2014.11.20"]
[SourceVersion "1"]
[SourceVersionDate "2014.11.20"]
[SourceQuality "1"]

1. d4 e6 2. Nf3 Nf6 3. c4 d5 4. e3 c5 5. cxd5 exd5 6. dxc5 Bxc5 7. Be2 0-0 8. 0-0 Nc6 9. Qc2 Bb6 10. Bd2 Bg4 11. Bc3 Ne4 12. Rd1 Qe7 13. Rxd5 Rfd8 14. Rxd8+ Rxd8 15. Nbd2 Nxf2 16. Nf1 Bxe3 17. Nxe3 Qxe3 18. Kf1 Bxf3 19. Bxf3 Nh3 20. gxh3 Qxf3+ 21. Qf2 Qxh3+ 22. Kg1 Qg4+ 23. Qg3 Qxg3+ 24. hxg3 Re8 25. Rd1 Rd8 26. Re1 f6 27. Kf2 Kf7 28. Re2 Rd3 29. Re4 Rd5 30. Rf4 Ne5 31. Ra4 a6 32. Re4 h5 33. Ke3 b5 34. a4 Rd3+ 35. Kf2 Ng4+ 36. Kg2 Ne3+ 37. Kf2 Nd1+ 38. Ke2 Nxc3+ 39. Kxd3 Nxe4 40. Kxe4 Ke6 41. axb5 axb5 42. Kd4 Kd6 43. b4 f5 44. Ke3 Ke5 45. Kf3 g5 0-1